00233nam a22000857a 4500008004100000020001500041041000800056080001000064245007300074160613b xxu||||| |||| 00| 0 eng d a080166618X aeng a618.2 aLearning medical terminology:cMiriam G. Austrin; Harvey R. Austrin;